[Event "CZE-ch U12 2020"]
[Site "Kouty nad Desnou"]
[Date "2020.03.10"]
[Round "5.11"]
[White "Sigut, Ondrej"]
[Black "Matus, Jakub"]
[Result "1/2-1/2"]
[WhiteElo "1274"]
[BlackElo "1240"]
[Annotator "NA"]
[PlyCount "62"]
[EventDate "2020.03.07"]
[EventCountry "CZE"]
[SourceTitle "playchess.com"]
[Source "ChessBase"]
[SourceQuality "1"]
[TimeControl "5400+30"]

1. e4 {[%emt 0:00:00]} c5 {[%emt 0:00:00]} 2. Nf3 {[%emt 0:00:00]} Nc6 {[%emt 0:00:00]} 3. Bb5 {[%emt 0:00:00]} g6 {[%emt 0:00:00]} 4. Bxc6 {[%emt 0:00:01]} dxc6 {[%emt 0:00:00]} 5. O-O {[%emt 0:00:23]} Bg7 {[%emt 0:00:01]} 6. Re1 {[%emt 0:01:06]} Nf6 {[%emt 0:00:15]} 7. h3 {[%emt 0:02:03]} O-O {[%emt 0:01:57]} 8. d3 {[%emt 0:01:15]} Re8 {[%emt 0:01:13]} 9. Bg5 {[%emt 0:01:10]} Qb6 {[%emt 0:06:26]} 10. Bc1 {[%emt 0:07:05]} e5 {[%emt 0:03:33]} 11. Nbd2 {[%emt 0:02:27]} Qc7 {[%emt 0:04:35]} 12. Nf1 {[%emt 0:02:42]} b6 {[%emt 0:02:52]} 13. Be3 {[%emt 0:02:13]} Ba6 {[%emt 0:02:35]} 14. Ng3 {[%emt 0:03:26]} Rad8 {[%emt 0:02:22]} 15. Qc1 {[%emt 0:02:40]} Nd7 {[%emt 0:05:04]} 16. Bh6 {[%emt 0:02:01]} f6 {[%emt 0:02:16]} 17. Bxg7 {[%emt 0:01:09]} Kxg7 {[%emt 0:00:07]} 18. Nh2 {[%emt 0:01:31]} h5 {[%emt 0:03:02]} 19. Nf3 {[%emt 0:02:09]} c4 {[%emt 0:02:37]} 20. dxc4 {[%emt 0:04:09]} Bxc4 {[%emt 0:00:08]} 21. Qe3 Nc5 {[%emt 0:03:31]} 22. a3 {[%emt 0:04:42]} Ne6 {[%emt 0:02:51]} 23. Nf1 {[%emt 0:10:20]} Qc8 {[%emt 0:05:42]} 24. Rad1 {[%emt 0:07:36]} Nf4 {[%emt 0:02:57]} 25. Ng3 {[%emt 0:04:09]} Be6 {[%emt 0:04:07]} 26. Ne2 {[%emt 0:04:22]} Nxe2+ {[%emt 0:02:00]} 27. Qxe2 {[%emt 0:00:33]} Rxd1 {[%emt 0:02:36]} 28. Rxd1 {[%emt 0:00:18]} Rd8 {[%emt 0:00:22]} 29. Kh2 {[%emt 0:03:04]} Bf7 {[%emt 0:01:10]} 30. Rd2 {[%emt 0:02:10]} Re8 {[%emt 0:01:10]} 31. Qd1 {[%emt 0:00:29]} Be6 {[%emt 0:00:25]} 1/2-1/2

[Event "CZE-ch U12 2020"]
[Site "Kouty nad Desnou"]
[Date "2020.03.10"]
[Round "5.12"]
[White "Hobza, Richard"]
[Black "Tesar, Jakub"]
[Result "1/2-1/2"]
[WhiteElo "1251"]
[BlackElo "1446"]
[Annotator "NA"]
[PlyCount "80"]
[EventDate "2020.03.07"]
[EventCountry "CZE"]
[SourceTitle "playchess.com"]
[Source "ChessBase"]
[SourceQuality "1"]
[TimeControl "5400+30"]

1. d4 {[%emt 0:00:00]} d5 {[%emt 0:00:00]} 2. Nf3 {[%emt 0:00:00]} Nf6 {[%emt 0:00:04]} 3. e3 {[%emt 0:00:12]} e6 {[%emt 0:01:06]} 4. Bd3 {[%emt 0:01:03]} c5 {[%emt 0:01:29]} 5. c3 {[%emt 0:00:51]} Nc6 {[%emt 0:02:00]} 6. Nbd2 {[%emt 0:03:21]} b6 {[%emt 0:06:33]} 7. O-O {[%emt 0:05:47]} Bb7 {[%emt 0:03:18]} 8. Qe2 {[%emt 0:05:28]} Nh5 {[%emt 0:16:29]} 9. Bc2 {[%emt 0:12:44]} f5 {[%emt 0:04:26]} 10. Ne5 {[%emt 0:05:34]} Nxe5 {[%emt 0:00:29]} 11. dxe5 {[%emt 0:00:12]} g6 {[%emt 0:00:08]} 12. f4 {[%emt 0:15:01]} Rc8 {[%emt 0:06:22]} 13. Nf3 {[%emt 0:09:53]} Be7 {[%emt 0:02:18]} 14. Ba4+ {[%emt 0:05:11]} Kf7 {[%emt 0:00:49]} 15. Rd1 {[%emt 0:02:27]} Qc7 {[%emt 0:04:35]} 16. c4 {[%emt 0:05:14]} Rhd8 {[%emt 0:03:12]} 17. Bc2 {[%emt 0:01:57]} dxc4 {[%emt 0:10:06]} 18. Qxc4 {[%emt 0:03:21]} Rxd1+ {[%emt 0:00:29]} 19. Bxd1 {[%emt 0:00:14]} Qd7 {[%emt 0:01:10]} 20. Qf1 {[%emt 0:01:37]} Rd8 {[%emt 0:01:42]} 21. Be2 {[%emt 0:00:44]} Be4 {[%emt 0:03:11]} 22. b3 {[%emt 0:01:36]} Ng7 {[%emt 0:03:38]} 23. Bb2 {[%emt 0:01:29]} Ne8 {[%emt 0:00:33]} 24. Rd1 {[%emt 0:00:52]} Qc8 {[%emt 0:00:33]} 25. Rxd8 {[%emt 0:05:02]} Qxd8 {[%emt 0:00:11]} 26. Qe1 {[%emt 0:01:08]} Nc7 {[%emt 0:01:16]} 27. Nd2 {[%emt 0:01:08]} Bc6 {[%emt 0:03:08]} 28. Bf3 {[%emt 0:02:07]} Bxf3 {[%emt 0:01:07]} 29. Nxf3 {[%emt 0:00:16]} Qd3 {[%emt 0:00:24]} 30. g3 {[%emt 0:02:03]} Nd5 {[%emt 0:01:12]} 31. Kf2 {[%emt 0:00:46]} c4 {[%emt 0:01:08]} 32. bxc4 {[%emt 0:01:34]} Qxc4 {[%emt 0:00:10]} 33. a3 {[%emt 0:00:40]} Bc5 {[%emt 0:00:13]} 34. Nd4 {[%emt 0:02:51]} Qd3 {[%emt 0:02:56]} 35. Qe2 {[%emt 0:01:10]} Qe4 {[%emt 0:01:24]} 36. Qf3 {[%emt 0:01:38]} Qb1 {[%emt 0:01:45]} 37. Qe2 {[%emt 0:00:52]} Qh1 {[%emt 0:03:10]} 38. h4 {[%emt 0:01:16]} Qh2+ {[%emt 0:01:11]} 39. Kf3 {[%emt 0:00:03]} Qh1+ {[%emt 0:00:09]} 40. Kf2 {[%emt 0:00:10]} Qb1 1/2-1/2

[Event "CZE-ch U12 2020"]
[Site "Kouty nad Desnou"]
[Date "2020.03.11"]
[Round "6.1"]
[White "Nemec, Jachym"]
[Black "Prazak, Daniel"]
[Result "0-1"]
[WhiteElo "2108"]
[BlackElo "1765"]
[Annotator "TA"]
[PlyCount "94"]
[EventDate "2020.03.07"]
[EventCountry "CZE"]
[SourceTitle "playchess.com"]
[Source "ChessBase"]
[SourceQuality "1"]

{[%evp 13,94,25,25,27,8,-83,-76,-186,-183,-195,-179,-189,-201,-232,-211,-228,-226,-227,-189,-340,-264,-277,-247,-216,-191,-221,-208,-221,-179,-191,-145,-161,-158,-198,-201,-223,-216,-219,-220,-212,-214,-231,-236,-242,-231,-229,-233,-249,-188,-200,-171,-203,-225,-143,-100,-112,-115,-114,-100,-133,-126,-291,-291,-291,-291,-291,-268,-403,-381,-425,-416,-424,-431,-445,-402,-446,-423,-931,-891,-802,-802,-613,-613]} 1. e4 e6 2. d4 d5 3. Nd2 a6 4. Ngf3 c5 5. dxc5 Bxc5 6. exd5 exd5 7. Nb3 Bb6 $1 {The main line 7...Bb6 scores better than 7...Ba7.} 8. Bg5 {C08: French Tarrasch: 3...c5 4 exd5 exd5 sidelines.} Nf6 9. Be2 (9. Qe2+ $11 {remains equal.} Be6 10. Nbd4) 9... Bxf2+ $17 10. Kf1 (10. Kxf2 $17 {only move.} Ne4+ {[%mdl 64] Double Attack, Discovered Attack} 11. Kg1 Nxg5 12. c4) 10... Bb6 {[#]} 11. c3 $146 ({Predecessor:} 11. Bxf6 Qxf6 12. Qxd5 O-O 13. Qe5 Qh6 14. Rd1 Nc6 15. Qc3 Bg4 16. Nc5 Rfe8 17. b4 Nxb4 18. Nxb7 Nxc2 19. Qxc2 Qe3 20. Bc4 Bxf3 21. Bxf7+ Kh8 {0-1 (21) Italie,R-Chipkin,L (2193) New York 1999}) 11... Be6 12. Nfd4 O-O 13. Bf3 Nc6 14. Qd2 h6 15. Bh4 Ne4 16. Qe1 $2 {[#]} (16. Bxd8 Nxd2+ 17. Nxd2 Raxd8 18. N2b3) 16... g5 17. Bf2 Nxf2 18. Qxf2 Qf6 19. Rd1 Ne5 20. Be2 Qxf2+ 21. Kxf2 Nc4 22. Bxc4 dxc4 23. Nc1 Rad8 24. Nce2 Rd5 25. h3 Rfd8 26. Rd2 Bf5 27. b3 Bd3 28. bxc4 Bxc4 ({Don't play} 28... Bxd4+ 29. Nxd4 Bxc4 30. a4 $17) 29. Rb1 R8d6 30. Rb4 Bxe2 31. Rxe2 a5 ({Don't take} 31... Bxd4+ 32. cxd4 Rxd4 33. Rxb7 $17) 32. Rb3 Bxd4+ 33. cxd4 $19 {[%mdl 4096] Endgame KRR-KRR} Rd7 34. Re5 Rxd4 35. Rxa5 Rd2+ 36. Kg3 Rc7 37. Ra7 $2 {[#] White does not recover from this.} (37. h4 $17 {was called for.}) 37... Rcc2 $1 {[%csl LRa2,LRg2]} 38. Rbxb7 Rxg2+ 39. Kf3 Rh2 40. Kg4 (40. Ke4 {is the only way for White.} Rce2+ 41. Kd5 Rxa2 42. Rxf7 Rxa7 43. Rxa7) 40... Rcg2+ 41. Kf5 Rf2+ 42. Ke5 Rxh3 43. Rb4 Re3+ 44. Kd5 Rf5+ {Black is clearly winning.} 45. Kd6 (45. Kd4 $142 Ref3 46. Rb8+ Kg7 47. Raa8) 45... Re6+ 46. Kd7 Rd5+ 47. Kc7 Re7+ {Accuracy: White = 53%, Black = 80%.} 0-1

[Event "CZE-ch U12 2020"]
[Site "Kouty nad Desnou"]
[Date "2020.03.11"]
[Round "6.2"]
[White "Juhanak, Daniel"]
[Black "Fizer, Marek"]
[Result "1-0"]
[WhiteElo "1656"]
[BlackElo "1907"]
[Annotator "ChessBase"]
[PlyCount "77"]
[EventDate "2020.03.07"]
[EventCountry "CZE"]
[SourceTitle "playchess.com"]
[Source "ChessBase"]
[SourceQuality "1"]
[TimeControl "5400+30"]

1. e4 {[%emt 0:00:05]} c5 {[%emt 0:00:05]} 2. Nf3 {[%emt 0:01:32]} d6 {[%emt 0:00:10]} 3. d4 {[%emt 0:00:43]} cxd4 {[%emt 0:00:08]} 4. Nxd4 {[%emt 0:00:22]} Nf6 {[%emt 0:00:38]} 5. Nc3 {[%emt 0:00:35]} Nc6 {[%emt 0:00:31]} 6. Bg5 {[%emt 0:01:03]} e6 {[%emt 0:00:24]} 7. Qd2 {[%emt 0:01:16]} Bd7 {[%emt 0:00:24]} 8. Ndb5 {[%emt 0:05:46]} Nb4 {[%emt 0:07:57]} 9. Bxf6 {[%emt 0:02:56]} gxf6 {[%emt 0:00:14]} 10. O-O-O {[%emt 0:06:20]} Bxb5 {[%emt 0:03:09]} 11. Nxb5 {[%emt 0:14:23]} d5 {[%emt 0:02:25]} 12. a3 {[%emt 0:01:13]} Na6 {[%emt 0:10:46]} 13. exd5 {[%emt 0:09:18]} exd5 {[%emt 0:02:14]} 14. Qxd5 {[%emt 0:10:44]} Qxd5 {[%emt 0:03:52]} 15. Rxd5 {[%emt 0:00:37]} Rd8 {[%emt 0:00:40]} 16. Rxd8+ {[%emt 0:04:43]} Kxd8 {[%emt 0:00:05]} 17. Bc4 {[%emt 0:01:25]} Bh6+ {[%emt 0:01:56]} 18. Kb1 {[%emt 0:01:10]} Nc5 {[%emt 0:07:38]} 19. Nd6 {[%emt 0:02:25]} Rg8 {[%emt 0:01:12]} 20. Nxf7+ {[%emt 0:00:23]} Kc7 {[%emt 0:00:09]} 21. Nxh6 {[%emt 0:00:30]} Rxg2 {[%emt 0:00:09]} 22. f3 {[%emt 0:01:09]} Kd6 {[%emt 0:02:57]} 23. Ng4 {[%emt 0:01:24]} f5 {[%emt 0:01:35]} 24. Ne3 {[%emt 0:02:09]} Rf2 {[%emt 0:00:48]} 25. Rd1+ {[%emt 0:05:57]} Ke7 {[%emt 0:02:47]} 26. Nxf5+ {[%emt 0:02:41]} Kf6 {[%emt 0:01:11]} 27. Rd6+ {[%emt 0:03:04]} Kxf5 {[%emt 0:00:56]} 28. Rd5+ {[%emt 0:00:10]} Kf4 {[%emt 0:00:18]} 29. Rxc5 {[%emt 0:00:26]} Rxh2 {[%emt 0:00:25]} 30. Bf7 {[%emt 0:00:49]} Kxf3 {[%emt 0:00:37]} 31. Rh5 {[%emt 0:01:58]} Rd2 {[%emt 0:01:40]} 32. Rxh7 {[%emt 0:00:18]} b5 {[%emt 0:02:12]} 33. Bh5+ {[%emt 0:00:37]} Ke4 {[%emt 0:00:27]} 34. Rxa7 {[%emt 0:00:14]} Rd5 {[%emt 0:00:15]} 35. Bg6+ {[%emt 0:00:14]} Kd4 {[%emt 0:00:26]} 36. Bd3 {[%emt 0:00:13]} Kc5 {[%emt 0:01:08]} 37. Ra5 {[%emt 0:00:07]} Kb6 {[%emt 0:00:11]} 38. Rxb5+ {[%emt 0:00:05]} Rxb5 {[%emt 0:00:09]} 39. Bxb5 {[%emt 0:00:04]} 1-0

[Event "CZE-ch U12 2020"]
[Site "Kouty nad Desnou"]
[Date "2020.03.11"]
[Round "6.3"]
[White "Soucek, Jan"]
[Black "Brozka, Karel"]
[Result "1/2-1/2"]
[WhiteElo "1872"]
[BlackElo "2013"]
[Annotator "TA"]
[PlyCount "69"]
[EventDate "2020.03.07"]
[EventCountry "CZE"]
[SourceTitle "playchess.com"]
[Source "ChessBase"]
[SourceQuality "1"]

{[%evp 11,69,31,57,37,60,58,51,14,40,5,46,43,44,31,50,68,92,61,109,105,198,207,258,262,272,169,507,515,408,179,169,176,170,173,162,153,165,156,155,158,152,151,603,591,2780,2006,29973,29974,29972,0,0,0,0,0,0,0,0,0,0,-7]} 1. e4 d5 2. exd5 Qxd5 3. Nc3 Qd6 4. d4 Nf6 5. Nf3 a6 6. h3 Bf5 7. Bc4 {B01: Scandinavian Defence.} Nc6 8. O-O e6 9. Be3 {White is slightly better.} O-O-O 10. Qd2 {[#]} Qb4 $146 ({Predecessor:} 10... Nb4 11. Rac1 Nbd5 12. Nxd5 Nxd5 13. Bxd5 exd5 14. Bf4 Qb6 15. Ne5 Be6 16. c4 dxc4 17. Nxc4 Bxc4 18. Rxc4 {0-1 (41) Rodriguez Redondo,A (1276)-Gonzalez Moreno,J (1728) Santa Cruz de Tenerife 2013}) 11. Bd3 Bxd3 12. Qxd3 Be7 13. a3 Qd6 14. Rfd1 h6 15. b4 {[%cal Bb2b4,Bb4b5][%mdl 32]} g5 (15... e5 $16) 16. b5 $18 g4 17. hxg4 ({Don't take} 17. bxc6 $6 gxf3 18. cxb7+ Kxb7 $16) 17... axb5 18. Qxb5 Nxg4 $2 (18... Na7 {is a better chance.} 19. Qa4 Qa6) 19. Rab1 Nxe3 20. Qxb7+ (20. fxe3 $142 Nb4 21. axb4) 20... Kd7 21. fxe3 Rb8 22. Qa6 {aiming for Ne5+.} Rxb1 23. Rxb1 {Threatens to win with Qa4.} Rg8 24. Qb5 $36 {[%mdl 2048] Keeping Black busy.} f6 25. d5 exd5 {With the idea ...Rb8.} 26. Rd1 ({But not} 26. Qxd5 Qxd5 27. Nxd5 Ra8 $16) (26. Nxd5 $2 Rb8 $17) 26... Qe6 $2 (26... Qg3 $16 27. Qe2 (27. Rxd5+ Bd6 $16) 27... Ke6) 27. Nxd5 Bd6 {[#]} 28. Nd4 $1 Rxg2+ 29. Kxg2 Qg4+ {[#]} 30. Kf1 $2 (30. Kf2 $1 {mates} Bg3+ {[#]} 31. Kf1 $1 {[%mdl 512]} Qxd1+ 32. Kg2 $1 {[%mdl 512]} Qxd4 33. exd4 Bh4 34. Nb4 Ke7 35. Nxc6+ Ke6 36. Qc4+ Kd6 37. Nd8) 30... Qxd1+ $11 {The position is equal.} 31. Kf2 Qd2+ 32. Kf3 Qd1+ 33. Kf2 Qd2+ 34. Kf3 Qd1+ 35. Ke4 {Accuracy: White = 70%, Black = 40%.} 1/2-1/2

[Event "CZE-ch U12 2020"]
[Site "Kouty nad Desnou"]
[Date "2020.03.11"]
[Round "6.4"]
[White "Day, Tobias"]
[Black "Zelba, Lukas"]
[Result "0-1"]
[WhiteElo "1837"]
[BlackElo "1727"]
[Annotator "NA RC"]
[PlyCount "76"]
[EventDate "2020.03.07"]
[EventCountry "CZE"]
[SourceTitle "playchess.com"]
[Source "ChessBase"]
[SourceQuality "1"]
[TimeControl "5400+30"]

{[%evp 9,73,-5,30,20,23,12,36,22,39,19,50,47,32767,32767,32767,32767,32767,32767,32767,28,34,31,11,0,0,-2,34,22,156,141,147,24,31,27,26,12,12,34,95,32,11,-41,0,-13,0,0,32767,-11,0,-29,0,0,43,-99,-79,-96,0,0,0,-19,0,0,0,-32,-29,-908]} 1. d4 {[%emt 0:00:00]} Nf6 {[%emt 0:00:11]} 2. Nf3 {[%emt 0:00:00]} e6 {[%emt 0:00:05]} 3. Bg5 {[%emt 0:00:00]} h6 {[%emt 0:00:08]} 4. Bh4 {[%emt 0:00:28]} b6 {[%emt 0:01:42]} 5. Nbd2 {[%emt 0:02:47]} g5 {[%emt 0:00:19]} 6. Bg3 {[%emt 0:00:55] A46: 1 d4 Nf6 2 Nf3 e6: Torre, London and Colle Systems.} Bb7 {[%emt 0:01:16]} 7. e3 {[%emt 0:02:08]} d6 {[%emt 0:05:11]} 8. h3 {[%emt 0:07:49]} Nbd7 {[%emt 0:03:18]} 9. Bd3 {[%emt 0:04:24] [#]} c5 $146 {[%emt 0:02:59]} ({Predecessor:} 9... Qe7 10. Qe2 a6 11. O-O-O Bg7 12. Kb1 b5 13. e4 Nh5 14. Bh2 c5 15. c3 Nf4 16. Bxf4 gxf4 {0-1 (60) Lilov,V (2411)-Komarov,D (2530) Varna 2009}) 10. c3 {[%emt 0:02:24]} Nh5 {[%emt 0:21:11]} 11. e4 {[%emt 0:04:55]} Nxg3 {[%emt 0:00:26]} 12. fxg3 {[%emt 0:00:11]} Nf6 {[%emt 0:01:35]} 13. Bb5+ {[%emt 0:02:36]} Nd7 {[%emt 0:00:12] [#]} 14. dxc5 {[%emt 0:02:56]} (14. Nc4 $1 $16) 14... bxc5 {[%emt 0:00:44]} 15. Nc4 {[%emt 0:01:13]} Qc7 {[%emt 0:00:55]} 16. Qd3 {[%emt 0:03:00]} O-O-O {[%emt 0:00:49]} 17. O-O-O {[%emt 0:01:04]} Nb6 {[%emt 0:02:00]} 18. Na5 {[%emt 0:03:39]} Nd7 {[%emt 0:05:23]} (18... Bg7 $14) 19. Nxb7 {[%emt 0:01:30]} Kxb7 {[%emt 0:00:08]} 20. Nd2 {[%emt 0:06:06]} ({White should play} 20. Bxd7 $16 Rxd7 21. Ne5 {[%mdl 64] Pin}) 20... Ne5 {[%emt 0:01:46]} 21. Qc2 {[%emt 0:04:54]} c4 {[%emt 0:02:29]} 22. Nf3 {[%emt 0:01:58]} Nd3+ {[%emt 0:03:42]} 23. Kb1 {[%emt 0:09:40]} Qb6 {[%emt 0:00:10]} (23... d5 $11 {remains equal.}) 24. Nd4 {[%emt 0:00:35]} (24. Bxc4 $16 Nf2 {[%mdl 64] Double Attack} 25. Rd5 exd5 26. Bxd5+ {[%mdl 64] Double Attack} Kb8 27. Rf1) 24... Ne5 $1 {[%emt 0:04:17]} 25. Ba4 {[%emt 0:11:53]} Be7 {[%emt 0:03:14]} 26. Ka1 {[%emt 0:07:53]} Rc8 {[%emt 0:01:40]} 27. Rb1 {[%emt 0:02:15]} Ka8 {[%emt 0:02:26]} 28. Rhd1 {[%emt 0:01:35]} Rc5 {[%emt 0:01:03]} 29. b4 {[%emt 0:02:27]} cxb3 {[%emt 0:00:17]} 30. Rxb3 {[%emt 0:00:26]} Qa5 {[%emt 0:03:17]} 31. Bb5 {[%emt 0:02:21]} (31. Rdb1 $11 Qc7 32. Qb2) 31... Rhc8 {[%emt 0:00:52]} 32. Kb2 {[%emt 0:04:31]} Nc4+ {[%emt 0:05:32]} ({Black should play} 32... Bf6 $17 33. a3 g4) 33. Bxc4 $1 {[%emt 0:00:13]} Rxc4 {[%emt 0:00:05]} 34. Rd3 {[%emt 0:00:58]} Bf6 {[%emt 0:00:16]} 35. Nb5 $1 {[%emt 0:01:25]} Ra4 {[%emt 0:01:44]} 36. a3 {[%emt 0:00:34]} Rb8 {[%emt 0:00:51]} 37. Nxd6 $19 {[%emt 0:04:37]} (37. Nd4 $15 Rb6 38. Rxb6 axb6 39. Qb3) 37... Rxa3 {[%emt 0:01:00]} 38. Rxb8+ {[%emt 0:01:23]} Kxb8 {[%emt 0:00:22]} 0-1

[Event "CZE-ch U12 2020"]
[Site "Kouty nad Desnou"]
[Date "2020.03.11"]
[Round "6.5"]
[White "Tichy, Tomas"]
[Black "Hladky, Tadeas"]
[Result "1/2-1/2"]
[WhiteElo "1810"]
[BlackElo "1773"]
[Annotator "NA RC"]
[PlyCount "112"]
[EventDate "2020.03.07"]
[EventCountry "CZE"]
[SourceTitle "playchess.com"]
[Source "ChessBase"]
[SourceQuality "1"]
[TimeControl "5400+30"]

{[%evp 8,99,8,32767,32767,32767,32767,0,40,18,34,12,26,0,0,-2,-13,-75,0,5,31,11,34,0,25,1,9,-31,32767,32767,32767,-16,-16,-27,0,-68,-50,-64,0,-222,-79,-237,0,10,12,0,39,0,46,-158,-57,-151,0,-273,-167,32767,32767,32767,-96,-95,-48,-57,-6,32767,0,-11,-4,0,-4,-46,0,0,0,-117,0,0,34,0,0,0,0,0,0,0,0,-1875,0,0,0,0,0,0,0,0]} 1. d4 {[%emt 0:00:00]} Nf6 {[%emt 0:00:00]} 2. c4 {[%emt 0:00:00]} g6 {[%emt 0:00:00]} 3. f3 {[%emt 0:00:10]} d5 {[%emt 0:01:01]} 4. cxd5 {[%emt 0:00:24]} Nxd5 {[%emt 0:00:23]} 5. e4 {[%emt 0:00:15]} Nb6 {[%emt 0:00:08]} 6. Nc3 {[%emt 0:00:20]} Bg7 {[%emt 0:00:08]} 7. Be3 {[%emt 0:00:17]} Nc6 {[%emt 0:00:31]} 8. Bb5 {[%emt 0:00:52] D70: Grünfeld: Unusual White 3rd moves (met by ...d5).} (8. d5 $5 {[%cal Rd5c6]} Ne5 9. f4 $14) 8... Bd7 {[%emt 0:01:19] [#]} 9. Qd2 $146 {[%emt 0:01:12]} ({Predecessor:} 9. Nge2 O-O 10. O-O Nb4 11. Bd3 Nxd3 12. Qxd3 c6 13. b3 a5 14. a4 Nc8 15. Qd2 Re8 {1-0 (36) Duda,J (2684)-Tomaszewski,R (2297) Zgierz 2017}) 9... a6 {[%emt 0:00:22]} 10. Be2 {[%emt 0:01:19]} e5 {[%emt 0:02:30]} 11. d5 {[%emt 0:03:07]} Nd4 {[%emt 0:00:17]} 12. O-O-O {[%emt 0:02:10]} (12. Bd3 $11 {keeps the balance.}) 12... Nxe2+ {[%emt 0:00:18]} 13. Qxe2 {[%emt 0:01:54]} Na4 {[%emt 0:02:35]} 14. Nxa4 {[%emt 0:06:08]} Bxa4 {[%emt 0:00:02]} 15. b3 {[%emt 0:02:42]} Bb5 {[%emt 0:00:06]} 16. Qd2 {[%emt 0:02:03]} Qd6 {[%emt 0:03:39]} 17. Kb1 {[%emt 0:10:18]} Bd7 {[%emt 0:02:46]} 18. Rc1 {[%emt 0:07:58]} b6 {[%emt 0:03:09]} 19. g4 {[%emt 0:07:57]} a5 {[%emt 0:01:40]} 20. Qc3 {[%emt 0:06:23]} Rc8 {[%emt 0:01:42]} ({Black should play} 20... a4 $1 $15) 21. Qc2 {[%emt 0:05:13]} (21. Ne2 $11) 21... a4 {[%emt 0:03:31]} 22. bxa4 {[%emt 0:08:40]} O-O {[%emt 0:01:49]} 23. h4 $2 {[%emt 0:02:09]} (23. Ne2 $1 $11 {and White has nothing to worry.}) 23... Ra8 {[%emt 0:07:57]} (23... c6 $19 {is more deadly.} 24. Rd1 cxd5 {[%mdl 64] Discovered Attack} 25. Rxd5 Qe7) 24. Bd2 $2 {[%emt 0:07:48]} (24. Qxc7 $15 Qb4+ 25. Ka1) 24... Bxa4 $2 {[%emt 0:04:51]} (24... Rxa4 $19 25. Ne2 Rfa8) 25. Qxc7 {[%emt 0:03:01]} Qa3 {[%emt 0:00:18]} 26. Qc3 {[%emt 0:00:39]} Qd6 {[%emt 0:01:00]} 27. Qb4 {[%emt 0:00:49]} Qd7 $1 {[%emt 0:00:31]} 28. d6 $2 $11 {[%emt 0:01:50]} ({White should try} 28. Qb2 $11) 28... Qe6 {[%emt 0:00:59]} (28... Bb5 $17 29. Rh2 Rfc8 30. Rxc8+ Rxc8) 29. Qc4 {[%emt 0:02:22]} (29. Ne2 $1 $15) 29... Qd7 {[%emt 0:00:43]} (29... Qxd6 $17 30. Bb4 Qd7 31. Bxf8 Bxf8) 30. Bb4 $2 {[%emt 0:03:04]} Rfc8 {[%emt 0:00:59]} 31. Qd3 {[%emt 0:03:13]} Bb5 {[%emt 0:00:24]} 32. Qd2 {[%emt 0:00:59]} Rxc1+ {[%emt 0:02:56]} 33. Kxc1 {[%emt 0:01:40]} Bf8 {[%emt 0:03:35]} 34. Rh2 {[%emt 0:01:21]} Rd8 {[%emt 0:01:24]} 35. Qd5 {[%emt 0:01:27]} Bxd6 {[%emt 0:02:17]} 36. Bxd6 {[%emt 0:01:34]} Qxd6 {[%emt 0:01:17]} 37. Qxd6 {[%emt 0:00:55]} Rxd6 {[%emt 0:00:06]} 38. Rc2 {[%emt 0:02:36]} Ba4 {[%emt 0:00:44]} 39. Rd2 $1 {[%emt 0:00:29]} Rc6+ {[%emt 0:00:26]} 40. Kb1 {[%emt 0:00:30]} (40. Kb2 $11) 40... Rc5 {[%emt 0:05:11]} (40... Rc3 $17) 41. Ne2 {[%emt 0:01:11]} Rb5+ {[%emt 0:02:46]} 42. Rb2 {[%emt 0:01:24]} Rxb2+ {[%emt 0:00:12]} 43. Kxb2 Kg7 {[%emt 0:00:10]} 44. Nc3 {[%emt 0:01:01]} Bc6 {[%emt 0:00:44]} 45. Kb3 {[%emt 0:00:26]} f5 {[%emt 0:00:53]} 46. Nd5 $2 {[%emt 0:01:12] [#]} (46. g5 $11) 46... fxe4 $2 {[%emt 0:01:38]} ({Black should play} 46... Bxd5+ $1 $19 47. exd5 e4) 47. fxe4 {[%emt 0:00:19]} Bxd5+ {[%emt 0:03:59]} 48. exd5 {[%emt 0:00:03]} Kf6 {[%emt 0:00:09]} 49. Kc4 {[%emt 0:01:08]} Ke7 {[%emt 0:00:12]} 50. Kb5 $11 {[%emt 0:01:06]} Kd6 {[%emt 0:01:15]} 51. Kc4 {[%emt 0:00:30]} h6 {[%emt 0:00:27]} 52. a4 {[%emt 0:00:28]} Kd7 {[%emt 0:06:01]} 53. Kb5 {[%emt 0:00:53]} Kc7 {[%emt 0:01:26]} 54. Kb4 {[%emt 0:00:20]} Kd6 {[%emt 0:07:49]} 55. Kc4 {[%emt 0:00:08]} Ke7 {[%emt 0:00:30]} 56. Kd3 {[%emt 0:00:36]} Kd7 {[%emt 0:00:09]} 1/2-1/2

[Event "CZE-ch U12 2020"]
[Site "Kouty nad Desnou"]
[Date "2020.03.11"]
[Round "6.6"]
[White "Jasso, Matej"]
[Black "Martirosyan, David"]
[Result "1-0"]
[WhiteElo "1582"]
[BlackElo "1522"]
[Annotator "NA"]
[PlyCount "51"]
[EventDate "2020.03.07"]
[EventCountry "CZE"]
[SourceTitle "playchess.com"]
[Source "ChessBase"]
[SourceQuality "1"]
[TimeControl "5400+30"]

1. e4 c5 {[%emt 0:00:00]} 2. Nf3 {[%emt 0:00:00]} Nc6 {[%emt 0:00:57]} 3. d4 {[%emt 0:00:50]} cxd4 {[%emt 0:00:08]} 4. Nxd4 {[%emt 0:00:06]} g6 {[%emt 0:00:51]} 5. c4 {[%emt 0:01:02]} Bg7 {[%emt 0:01:17]} 6. Be3 {[%emt 0:00:46]} Nf6 {[%emt 0:01:11]} 7. Nc3 {[%emt 0:01:02]} d6 {[%emt 0:00:57]} 8. f3 {[%emt 0:02:32]} O-O {[%emt 0:01:26]} 9. Be2 {[%emt 0:02:55]} Bd7 {[%emt 0:02:07]} 10. O-O Rc8 {[%emt 0:10:44]} 11. b3 {[%emt 0:09:34]} a6 {[%emt 0:04:23]} 12. Rc1 {[%emt 0:05:40]} Qa5 {[%emt 0:06:12]} 13. a4 {[%emt 0:04:37]} Nxd4 {[%emt 0:11:02]} 14. Bxd4 {[%emt 0:03:10]} Rc6 {[%emt 0:03:35]} 15. f4 {[%emt 0:07:46]} Be6 {[%emt 0:06:47]} 16. Bf3 {[%emt 0:05:16]} Rc7 {[%emt 0:08:50]} 17. Qd2 {[%emt 0:04:30]} Nd7 {[%emt 0:01:44]} 18. Bxg7 {[%emt 0:01:59]} Kxg7 {[%emt 0:01:31]} 19. Kh1 {[%emt 0:04:19]} Nc5 {[%emt 0:01:37]} 20. Rb1 {[%emt 0:02:41]} Qb4 {[%emt 0:04:39]} 21. f5 {[%emt 0:03:16]} gxf5 {[%emt 0:09:06]} 22. exf5 {[%emt 0:00:50]} Bxf5 {[%emt 0:01:34]} 23. Qg5+ {[%emt 0:00:28]} Bg6 {[%emt 0:00:03]} 24. Nd5 {[%emt 0:00:19]} Ne6 {[%emt 0:05:49]} 25. Qxg6+ {[%emt 0:00:41]} hxg6 {[%emt 0:01:06]} 26. Nxb4 {[%emt 0:00:16]} 1-0